NHBC's Technical Newsletter (Record no. 118772)

MARC details
000 -LEADER
fixed length control field 00579cas a22002055a 4500
001 - CONTROL NUMBER
control field L122704
008 - FIXED-LENGTH DATA ELEMENTS--GENERAL INFORMATION
fixed length control field 030624c2011 xxktr p 0 a0eng u
035 ## - SYSTEM CONTROL NUMBER
System control number (Sirsi) u122704
041 0# - LANGUAGE CODE
Language code of text/sound track or separate title eng
110 2# - MAIN ENTRY--CORPORATE NAME
Corporate name or jurisdiction name as entry element National House Building Council
245 00 - TITLE STATEMENT
Title NHBC's Technical Newsletter
Remainder of title Standards Extra
260 ## - PUBLICATION, DISTRIBUTION, ETC.
Place of publication, distribution, etc. Amersham
Name of publisher, distributor, etc. NHBC Technical
Date of publication, distribution, etc. [199?]-2011
362 0# - DATES OF PUBLICATION AND/OR SEQUENTIAL DESIGNATION
Dates of publication and/or sequential designation April 2002-(42) Sep. 2008
520 ## - SUMMARY, ETC.
Summary, etc. Kept for five years
554 ## -
-- Three per year
651 #4 - SUBJECT ADDED ENTRY--GEOGRAPHIC NAME
Geographic name England and Wales
Chronological subdivision 1543-
690 ## - LOCAL SUBJECT ADDED ENTRY--TOPICAL TERM (OCLC, RLIN)
Topical term or geographic name as entry element BUILT ENVIRONMENT
785 00 - SUCCEEDING ENTRY
Title Technical Extra
942 ## - ADDED ENTRY ELEMENTS (KOHA)
Suppress in OPAC 0
Holdings
Withdrawn status Lost status Source of classification or shelving scheme Damaged status Not for loan Home library Current library Shelving location Date acquired Total Checkouts Full call number Barcode Date last seen Price effective from Koha item type
    Dewey Decimal Classification     London London Gallery 13/05/2005   NHBC TECHNICAL NEWSLETTER 122704-1001 06/08/2019 06/08/2019 Journal